[Event "Moscow Open 2009 C"]
[Site "?"]
[Date "2009.02.03"]
[Round "4.38"]
[White "Tereshechkina, Maya"]
[Black "Kharmunova, Nadejda"]
[Result "0-1"]
[WhiteElo "1912"]
[BlackElo "2140"]
[Annotator ""]
[Source ""]
[Remark ""]

1.Nf3 c5 2.g3 Nc6 3.d4 cxd4 4.Nxd4 Nf6 5.Bg2 a6 6.O-O e5 7.Nxc6
bxc6 8.c4 Be7 9.Nc3 O-O 10.Bg5 h6 11.Bxf6 Bxf6 12.Ne4 Be7 13.Nd6
Rb8 14.b3 Qc7 15.Nxc8 Rbxc8 16.e4 Bc5 17.Kh1 Rcd8 18.f4 Bd4 19.Rb1
a5 20.fxe5 c5 21.a3 Qb6 22.Qd2 Rb8 23.g4 Qg6 24.h3 Rfe8 25.Rf5
Bxe5 26.Qd5 d6 27.Qd2 Qe6 28.Rff1 Qe7 29.Qf2 Rb7 30.a4 Reb8 31.Qf3
Rb4 32.Rfd1 R8b6 33.g5 Qxg5 34.Rf1 Qe7 35.Qf5 Qb7 36.Bf3 Rxb3
37.Rxb3 Rxb3 38.Bh5 Bf6 39.Rg1 Bg5 40.Rf1 Bf6 41.Rg1 Bd4 42.Rf1
f6 43.Qe6+ Kh7 44.Qe8 Rxh3+ 45.Kg2 Rxh5 46.Qxh5 Qxe4+ 47.Qf3
Qc2+ 48.Kh1 Qxc4 49.Qf5+ g6 50.Qd7+ Kg8 51.Qe8+ Kg7 52.Qd7+ Qf7
53.Qxd6 Qb7+ 0-1

[Event "Moscow Open 2009 C"]
[Site "?"]
[Date "2009.02.03"]
[Round "4.39"]
[White "Petrukhina, Irina"]
[Black "Larina, Marija"]
[Result "1-0"]
[WhiteElo "1905"]
[BlackElo "2109"]
[Annotator ""]
[Source ""]
[Remark ""]

1.d4 f5 2.Bg5 Nf6 3.Nd2 d5 4.e3 Nbd7 5.c4 e6 6.cxd5 exd5 7.Bd3
h6 8.Bh4 g6 9.Ngf3 Be7 10.Bxf6 Nxf6 11.Ne5 Rg8 12.Qc2 Ne4 13.Bb5+
Kf8 14.Nxe4 fxe4 15.O-O c6 16.Be2 Kg7 17.f3 Bg5 18.Qc3 exf3 19.Rxf3
Be6 20.Qc2 Qe8 21.Bd3 Rf8 22.Bxg6 Qe7 23.Raf1 Rxf3 24.Rxf3 Rf8
25.Kf2 Rxf3+ 26.gxf3 Bh4+ 27.Ke2 Qg5 28.Kd3 Qg1 29.Bh5 Be1 30.Bg4
Bxg4 31.fxg4 Qh1 32.Qd1 Qe4+ 33.Ke2 Bh4 34.Qd3 Qg2+ 35.Kd1 Qg1+
36.Kc2 Qf2+ 37.Kb3 Qf6 38.a3 c5 39.Qb5 Qb6 40.Qxb6 axb6 41.Nd7
cxd4 42.exd4 Bf2 43.Kc3 Bg1 44.Nxb6 Bxh2 45.Nxd5 Kg6 46.Ne3 Kg5
47.Kd3 Kf4 48.b4 Kf3 49.Nf5 Bf4 50.Kc4 Kxg4 51.Ng7 h5 52.Nxh5
Kxh5 53.Kc5 Kg6 54.Kb6 Be3 55.Kxb7 Bxd4 56.a4 Kf6 57.a5 Ke6 58.b5
Kd5 59.a6 Kc4 60.b6 Kb5 61.a7 Bxb6 62.a8Q 1-0

[Event "Moscow Open 2009 C"]
[Site "?"]
[Date "2009.02.03"]
[Round "4.40"]
[White "Rassokhina, Ekaterina"]
[Black "Abylkassymova, Raushan"]
[Result "0-1"]
[WhiteElo "2106"]
[BlackElo "1892"]
[Annotator ""]
[Source ""]
[Remark ""]

1.d4 Nf6 2.c4 e6 3.Nc3 Bb4 4.e3 d5 5.Qb3 c5 6.a3 Bxc3+ 7.bxc3
O-O 8.Nf3 Nc6 9.cxd5 exd5 10.Be2 Ne4 11.O-O c4 12.Qb2 Na5 13.Nd2
Bf5 14.f3 Nxd2 15.Bxd2 Nb3 16.Rae1 Qb6 17.e4 Be6 18.Bd1 Qd6 19.Bxb3
cxb3 20.e5 Qb6 21.Rb1 Bf5 22.Rbe1 Qb5 23.Bg5 Rac8 24.Be7 Rfe8
25.Bb4 a5 26.Bd6 Qc4 27.Re3 Rc6 28.Qd2 Rb6 29.Bc5 b2 30.Rb1 Qa2
31.Bxb6 Qxb1+ 32.Kf2 Qc1 0-1

[Event "Moscow Open 2009 C"]
[Site "?"]
[Date "2009.02.03"]
[Round "4.41"]
[White "Niks, Yana"]
[Black "Uljianova, Nadezhda"]
[Result "0-1"]
[WhiteElo "1885"]
[BlackElo "2106"]
[Annotator ""]
[Source ""]
[Remark ""]

1.e4 c5 2.Nf3 Nc6 3.d4 cxd4 4.Nxd4 g6 5.Nc3 Bg7 6.Be3 Nf6 7.f3
O-O 8.Bc4 d6 9.Qd2 Na5 10.Bb3 Nxb3 11.Nxb3 Be6 12.O-O-O Bxb3
13.cxb3 Rc8 14.Kb1 a6 15.Bh6 b5 16.Bxg7 Kxg7 17.Nd5 Nxd5 18.Qxd5
Qb6 19.Qd4+ Qxd4 20.Rxd4 Rc5 21.Rc1 Rfc8 22.Rxc5 Rxc5 23.Rd3
Kf6 24.Rc3 Ke5 25.Kc2 Kd4 26.Kd2 b4 27.Rd3+ Ke5 28.Ke3 Ra5 29.f4+
Ke6 30.Kd4 Rxa2 31.Rd2 Ra1 32.Rc2 Rh1 33.g3 Rd1+ 34.Kc4 Re1 35.Kd4
a5 36.Kd3 h5 37.Rf2 f5 38.exf5+ Kxf5 39.Kd2 Rh1 40.Re2 e5 41.fxe5
dxe5 42.Ke3 Rd1 43.Rc2 Rb1 44.Kf3 Ke6 45.Rd2 Ra1 46.Ke3 g5 47.Rd8
Rb1 48.Rd2 Rf1 49.Rd8 g4 50.Re8+ Kd6 51.Rd8+ Ke7 52.Rd5 Ke6 53.Rxa5
Re1+ 54.Kf2 Rc1 55.Ke3 Rc2 56.Rb5 Rxb2 57.Rxb4 Rxh2 58.Rb6+ Kf5
59.Rh6 Rh3 60.Kf2 Ke4 61.b4 Rh2+ 62.Kg1 Rb2 63.Rxh5 Rxb4 64.Rg5
Kd5 65.Rg8 Ke6 66.Kf2 Kf5 67.Ke3 Rb3+ 68.Kf2 Rb2+ 69.Kg1 Ke4
70.Rxg4+ Kf3 0-1

[Event "Moscow Open 2009 C"]
[Site "?"]
[Date "2009.02.03"]
[Round "4.42"]
[White "Bezgodova, Maria"]
[Black "Braun, Elina"]
[Result "1-0"]
[WhiteElo "2101"]
[BlackElo "1880"]
[Annotator ""]
[Source ""]
[Remark ""]

1.e4 c5 2.Nf3 Nc6 3.d4 cxd4 4.Nxd4 Nf6 5.Nc3 d6 6.Bg5 Bd7 7.Qd2
Rc8 8.f4 a6 9.O-O-O b5 10.Nxc6 Bxc6 11.Qd4 Qd7 12.Bd3 a5 13.Rhe1
b4 14.Nd5 Bb5 15.Nb6 Qc6 16.Bxb5 Qxb5 17.Nxc8 Qb7 18.Nb6 1-0

[Event "Moscow Open 2009 C"]
[Site "?"]
[Date "2009.02.03"]
[Round "4.43"]
[White "Gaprindashvili, Nona"]
[Black "Della-Rossa, Anastasia"]
[Result "1/2-1/2"]
[WhiteElo "2089"]
[BlackElo "1868"]
[Annotator ""]
[Source ""]
[Remark ""]

1.e4 e5 2.Nc3 Nf6 3.Bc4 Bc5 4.d3 d6 5.f4 Ng4 6.f5 Nf2 7.Qh5 g6
8.Qh6 Kd7 9.Na4 Nxh1 10.Nxc5+ dxc5 11.Nf3 Nc6 12.Ng5 Qf8 13.Qh3
Nd8 14.Nxh7 Rxh7 15.Qxh7 Qd6 16.Bxf7 Qd4 17.Bxg6+ Kd6 18.Qh4
Qg1+ 19.Kd2 Kd7 20.a4 Qxg2+ 21.Kc3 Qf2 22.Qh7+ Kd6 23.Bg5 Qd4+
24.Kb3 Qb4+ 25.Ka2 Qxa4+ 26.Kb1 Qd7 27.Qg8 Ne6 28.Qxe6+ Qxe6
29.fxe6 Bxe6 30.h4 Rg8 31.h5 a6 32.Bh4 Rf8 33.b3 Nf2 34.Kb2 Nh3
35.Rh1 Nf4 36.Bg3 Nxg6 37.hxg6 Rg8 38.Rh6 a5 39.Kc3 b5 40.Bh4
a4 41.bxa4 bxa4 42.Kb2 Rb8+ 43.Ka3 Rb1 44.g7 Rg1 45.Bf6 Bf7 46.c3
Ra1+ 47.Kb2 Ra2+ 48.Kb1 Rg2 49.Bh4+ Kd7 50.Bf6 a3 51.c4 a2+ 52.Ka1
Ke6 53.Bg5+ Kd7 54.Bf6 Ke6 1/2-1/2

[Event "Moscow Open 2009 C"]
[Site "?"]
[Date "2009.02.03"]
[Round "4.44"]
[White "Semenova, Anastasia"]
[Black "Semenova, Elena"]
[Result "0-1"]
[WhiteElo "1840"]
[BlackElo "2086"]
[Annotator ""]
[Source ""]
[Remark ""]

1.e4 e5 2.Nf3 Nc6 3.Bb5 f5 4.d4 fxe4 5.Nxe5 Nxe5 6.dxe5 c6 7.Bc4
Qa5+ 8.Nc3 Qxe5 9.O-O d5 10.Re1 Nf6 11.Bb3 Ng4 12.g3 Bc5 13.Be3
Bxe3 14.fxe3 O-O 15.Qd2 Rf2 16.Re2 Rf3 17.Rf1 Be6 18.Nd1 Raf8
19.Rfe1 Qf5 20.c3 Rf1+ 21.Kg2 Qf3+ 0-1

[Event "Moscow Open 2009 C"]
[Site "?"]
[Date "2009.02.03"]
[Round "4.45"]
[White "Saduakassova, Dinara"]
[Black "Gvanceladze, Anna"]
[Result "0-1"]
[WhiteElo "1850"]
[BlackElo "2070"]
[Annotator ""]
[Source ""]
[Remark ""]

1.Nf3 Nf6 2.g3 g6 3.Bg2 Bg7 4.O-O O-O 5.d4 d6 6.b3 Nbd7 7.Bb2
c6 8.c4 Re8 9.Nc3 e5 10.dxe5 dxe5 11.Qc2 Qc7 12.Rad1 Nc5 13.Ba3
Bf8 14.Qc1 Bf5 15.Nh4 Be6 16.Qc2 a5 17.Bc1 a4 18.Bg5 Nfd7 19.h3
axb3 20.axb3 f6 21.Be3 f5 22.Nf3 Kh8 23.Ng5 Bg8 24.Ra1 Bg7 25.Rxa8
Rxa8 26.b4 Ne6 27.Nxe6 Bxe6 28.c5 Nf6 29.Rd1 Qf7 30.b5 Bb3 31.Qd2
Bxd1 32.Qxd1 e4 33.bxc6 bxc6 34.Na4 Nd5 35.Bd4 Bxd4 36.Qxd4+
Qg7 37.Qd1 Qa7 38.Qd4+ Kg8 39.Nb6 Qa1+ 40.Qxa1 Rxa1+ 41.Kh2 Nxb6
42.cxb6 Rb1 0-1

[Event "Moscow Open 2009 C"]
[Site "?"]
[Date "2009.02.03"]
[Round "4.46"]
[White "Lezhepekova, Veronika"]
[Black "Krasenkova, Ilena"]
[Result "0-1"]
[WhiteElo "1917"]
[BlackElo "2170"]
[Annotator ""]
[Source ""]
[Remark ""]

1.e4 Nf6 2.e5 Nd5 3.d4 e6 4.Nf3 d6 5.Bg5 Be7 6.Bxe7 Qxe7 7.c3
Nd7 8.g3 dxe5 9.dxe5 O-O 10.Bg2 Rd8 11.Qe2 a5 12.O-O b6 13.Rd1
c5 14.Nbd2 Ba6 15.Qe1 Rab8 16.Nf1 b5 17.Ne3 N7b6 18.Nc2 b4 19.cxb4
axb4 20.a3 b3 21.Ne3 Nxe3 22.Qxe3 Nd5 23.Qg5 Kf8 24.Qxe7+ Kxe7
25.Rac1 Nb6 26.Re1 Na4 27.Bf1 Bxf1 28.Kxf1 Rbc8 29.Re2 c4 30.Rd2
c3 31.bxc3 b2 32.Rb1 Rxc3 33.Rxd8 Kxd8 34.Nd2 Rc2 35.Nb3 Nc3 0-1

[Event "Moscow Open 2009 C"]
[Site "?"]
[Date "2009.02.03"]
[Round "4.47"]
[White "Rjanova, Valery"]
[Black "Nagornaya, Polina"]
[Result "1-0"]
[WhiteElo "2113"]
[BlackElo "1907"]
[Annotator ""]
[Source ""]
[Remark ""]

1.e4 e6 2.d4 d5 3.Nc3 Nf6 4.Bg5 dxe4 5.Nxe4 Be7 6.Bxf6 gxf6 7.Qd3
b6 8.O-O-O Bb7 9.Qf3 c6 10.Bc4 f5 11.Nc3 Nd7 12.Nge2 Qc7 13.Qg3
Qxg3 14.hxg3 Nf6 15.f3 O-O-O 16.Nf4 b5 17.Bb3 a5 18.a3 Rd6 19.Nce2
Ba6 20.c3 Kc7 21.Nd3 Nd7 22.Rh5 Nf6 23.Rh3 b4 24.Nef4 bxa3 25.bxa3
Rd7 26.Ne5 Bxa3+ 27.Kc2 Re7 28.Ra1 Bd6 29.Rxa5 Kb6 30.Ra1 Rb8
31.Nxc6 Kxc6 32.Rxa6+ Rb6 33.Rxb6+ Kxb6 34.Rh6 Ne8 35.Rxh7 Rc7
36.Kd3 Ra7 37.c4 Ka5 38.Nxe6 Kb4 39.Kc2 Ra3 40.Rxf7 1-0

[Event "Moscow Open 2009 C"]
[Site "?"]
[Date "2009.02.03"]
[Round "4.48"]
[White "Cherniavskaya, Klara"]
[Black "Sukhareva, Valentina"]
[Result "0-1"]
[WhiteElo "1902"]
[BlackElo "2078"]
[Annotator ""]
[Source ""]
[Remark ""]

1.b3 e5 2.Bb2 f6 3.e4 d6 4.Bc4 Ne7 5.Qh5+ g6 6.Qf3 Bg7 7.Ne2
c6 8.O-O d5 9.exd5 cxd5 10.Bb5+ Nbc6 11.d3 Be6 12.Nd2 Qd7 13.Nc3
Bg4 14.Qg3 Bh6 15.f3 Be6 16.Rad1 Nf5 17.Qh3 Be3+ 18.Kh1 Bf4 19.g3
Nxg3+ 20.Qxg3 Bxg3 21.hxg3 Qg7 22.Rde1 Qh6+ 23.Kg2 Qxd2+ 0-1

[Event "Moscow Open 2009 C"]
[Site "?"]
[Date "2009.02.03"]
[Round "4.49"]
[White "Khropova, Larisa"]
[Black "Maksimova, Alisa"]
[Result "0-1"]
[WhiteElo "2060"]
[BlackElo "1895"]
[Annotator ""]
[Source ""]
[Remark ""]

1.d4 Nf6 2.Nf3 g6 3.Bg5 Bg7 4.e3 O-O 5.Bd3 d6 6.h3 Nbd7 7.Nbd2
Qe8 8.O-O e5 9.dxe5 dxe5 10.Bc4 Kh8 11.e4 Nc5 12.Qe2 Nfd7 13.a3
Ne6 14.c3 Nxg5 15.Nxg5 Qe7 16.Ngf3 Nc5 17.Rfe1 Ne6 18.g3 Nc5
19.Kg2 Bd7 20.b4 Ne6 21.Nf1 Ng5 22.Nxg5 Qxg5 23.Ne3 f5 24.h4
Qd8 25.f3 f4 26.Nf1 fxg3 27.Rad1 Qe7 28.Nxg3 h5 29.Rh1 Rad8 30.Qe3
Kh7 31.Bb3 Bf6 32.Rh2 Bxh4 33.Rxh4 Qxh4 34.Rh1 Qf4 35.Qxf4 Rxf4
36.Ne2 Rff8 37.Kg3 Be8 38.Rc1 Bf7 39.Bc2 Rd2 40.Ng1 g5 41.Bd1
Kh6 42.Be2 Rfd8 43.a4 Ra2 44.a5 Rdd2 45.Kf2 Bc4 46.Re1 a6 47.Ke3
Bxe2 48.Nxe2 Rxe2+ 49.Rxe2 Rxe2+ 50.Kxe2 g4 51.fxg4 hxg4 0-1

[Event "Moscow Open 2009 C"]
[Site "?"]
[Date "2009.02.03"]
[Round "4.50"]
[White "Grigoryeva, Olga A"]
[Black "Shangarayeva, Daiana"]
[Result "1-0"]
[WhiteElo "2015"]
[BlackElo "1871"]
[Annotator ""]
[Source ""]
[Remark ""]

1.d4 Nf6 2.c4 c5 3.d5 e6 4.Nc3 exd5 5.cxd5 d6 6.e4 g6 7.g3 Bg7
8.Bg2 O-O 9.Nge2 a6 10.a4 Nbd7 11.O-O Rb8 12.Rb1 Qc7 13.Bd2 Re8
14.h3 c4 15.b4 cxb3 16.Qxb3 Nc5 17.Qc4 Nfd7 18.f4 b6 19.Be3 f5
20.Bd4 fxe4 21.Bxg7 Kxg7 22.Nxe4 Bb7 23.g4 Rbc8 24.Rbc1 Qb8 25.Qd4+
Kg8 26.Rb1 Nxe4 27.Bxe4 Nc5 28.Ng3 Qc7 29.f5 Qg7 30.f6 Qf7 31.Bg2
Re5 32.Rbd1 Rce8 33.h4 b5 34.a5 Re3 35.Kh2 R8e5 36.g5 Bc8 37.Rf4
Qc7 38.Rc1 Qxa5 39.f7+ Kf8 40.Rxc5 Bd7 41.Rc2 Qe1 42.Nf1 Re2
43.Rxe2 Qxe2 44.Qb6 Rf5 45.Qd8+ 1-0

[Event "Moscow Open 2009 C"]
[Site "?"]
[Date "2009.02.03"]
[Round "4.51"]
[White "Kaydanovich, Marina"]
[Black "Baraeva, Marina"]
[Result "0-1"]
[WhiteElo "1843"]
[BlackElo "2009"]
[Annotator ""]
[Source ""]
[Remark ""]

1.e4 c5 2.Nf3 a6 3.d4 cxd4 4.Nxd4 e5 5.Nf5 d5 6.Ng3 Nf6 7.Bg5
Qa5+ 8.Nd2 Nxe4 9.Ngxe4 dxe4 10.Bc4 Nc6 11.O-O Bf5 12.Re1 f6
13.Be3 Rd8 14.c3 Qc7 15.Bb3 Be7 16.Qe2 Bg6 17.Rad1 Na5 18.Be6
f5 19.Nc4 Nxc4 20.Bxc4 Rxd1 21.Rxd1 Bf7 22.Bxf7+ Kxf7 23.Qc2
Qc6 24.Qb3+ Kf6 25.Bb6 Qe6 26.Qxe6+ Kxe6 27.a4 Rc8 28.Kf1 Rc6
29.a5 Rd6 30.Rxd6+ Kxd6 31.Ke2 Kc6 32.Kd2 Bc5 33.Bxc5 Kxc5 34.b3
Kb5 35.c4+ Kb4 36.Kc2 Kxa5 37.Kc3 Kb6 38.b4 Kc6 39.Kb3 b5 40.Kc3
bxc4 41.Kxc4 g5 42.h3 h6 43.g3 Kd6 0-1

[Event "Moscow Open 2009 C"]
[Site "?"]
[Date "2009.02.03"]
[Round "4.52"]
[White "Kisteneva, Liza"]
[Black "Baraeva, Irina"]
[Result "0-1"]
[WhiteElo "1790"]
[BlackElo "1997"]
[Annotator ""]
[Source ""]
[Remark ""]

1.Nf3 d5 2.c4 c6 3.b3 Nf6 4.Bb2 Bg4 5.d3 e6 6.a3 Bd6 7.Nbd2 O-O
8.g3 Qe7 9.h3 Bh5 10.Bg2 Nbd7 11.O-O e5 12.Nh4 Bg6 13.Nxg6 hxg6
14.Qc2 Rac8 15.Rfc1 a5 16.Nf1 b5 17.Ne3 Rfe8 18.Qd2 d4 19.Nf1
Nc5 20.Qc2 a4 21.b4 Nb3 22.c5 Bb8 23.Nd2 Nxa1 24.Rxa1 Nh7 25.Bc1
f5 26.h4 Nf6 27.Nf3 Nd5 28.Qa2 Kh8 29.Bb2 Rf8 30.Re1 Qd7 31.h5
gxh5 32.Nh4 Qf7 33.Bxd5 cxd5 34.Bc1 Bc7 35.Bg5 Bd8 36.Qd2 Kh7
37.Nf3 Bf6 38.Kg2 Rcd8 39.Rh1 e4 40.Nxd4 Bxd4 41.Bxd8 Rxd8 42.Qg5
Rf8 43.Rxh5+ Kg8 44.Rh1 Qf6 45.Qh5 Bb2 46.Qh7+ Kf7 47.c6 Qxc6
48.Qxf5+ Bf6 49.dxe4 dxe4 50.Rd1 Re8 51.Rd5 e3 52.f3 Rb8 53.Rc5
Qe8 54.g4 Kg8 55.g5 Bd8 56.g6 Rb6 57.Qd5+ Kf8 58.Rc8 Qxg6+ 59.Kf1
Qb1+ 60.Kg2 Rg6+ 0-1

[Event "Moscow Open 2009 C"]
[Site "?"]
[Date "2009.02.03"]
[Round "4.53"]
[White "Dolgova, Tamara"]
[Black "Urbanaites, Elvira"]
[Result "1-0"]
[WhiteElo "1977"]
[BlackElo "1857"]
[Annotator ""]
[Source ""]
[Remark ""]

1.e4 e5 2.Nf3 f5 3.Nxe5 Nc6 4.Qh5+ g6 5.Nxg6 Nf6 6.Qh4 Rg8 7.e5
Rxg6 8.exf6 Qxf6 9.Qxf6 Rxf6 10.Nc3 Re6+ 11.Kd1 Bc5 12.Nd5 Bb6
13.Be2 Nd4 14.Bh5+ Kf8 15.d3 d6 16.Be3 Rxe3 17.fxe3 Ne6 18.Kd2
c6 19.Nxb6 axb6 20.Rhf1 Ng7 21.Be2 d5 22.g4 Ke7 23.gxf5 Bxf5
24.Rf2 Ke6 25.a3 Rd8 26.Rg1 Rd7 27.Bg4 Bxg4 28.Rxg4 c5 29.Rgf4
Ne8 30.e4 d4 31.Rh4 Rg7 32.Rh6+ Kd7 33.e5 Kc7 34.Re6 Rg8 35.Re7+
Kc6 36.Rxh7 Rg6 37.Rf8 Rg2+ 38.Ke1 Ng7 39.Rg8 Rxc2 40.Rhxg7 Rxh2
41.e6 1-0

[Event "Moscow Open 2009 C"]
[Site "?"]
[Date "2009.02.03"]
[Round "4.54"]
[White "Grabovets, Nadezhda"]
[Black "Chukhlantseva, Anna"]
[Result "1/2-1/2"]
[WhiteElo "1974"]
[BlackElo "1842"]
[Annotator ""]
[Source ""]
[Remark ""]

1.d4 d5 2.c4 dxc4 3.e4 c5 4.d5 Nf6 5.Nc3 e6 6.Bxc4 exd5 7.exd5
a6 8.a4 Be7 9.Nge2 O-O 10.Bf4 Bd6 11.O-O Bg4 12.Qb3 Bxf4 13.Nxf4
Qc7 14.Nd3 Nbd7 15.f3 Bf5 16.Nf2 Nb6 17.Nfe4 Bxe4 18.Nxe4 Nxe4
19.fxe4 Nxc4 20.Qxc4 Qd6 21.Rac1 b6 22.a5 Rfc8 23.axb6 Qxb6 24.d6
Qxd6 25.Rxf7 Qd4+ 26.Rf2+ Qxc4 27.Rxc4 Rab8 28.e5 Rb4 29.Rfc2
Rxc4 30.Rxc4 Kf7 31.Ra4 Rc6 32.Kf2 Ke6 33.Re4 Kf5 34.Kf3 h5 35.h3
c4 36.g4+ hxg4+ 37.hxg4+ Ke6 38.Kf4 1/2-1/2

[Event "Moscow Open 2009 C"]
[Site "?"]
[Date "2009.02.03"]
[Round "4.69"]
[White "Butneva, Larisa"]
[Black "Pylaeva, Ekaterina"]
[Result "1/2-1/2"]
[WhiteElo "1875"]
[BlackElo "1676"]
[Annotator ""]
[Source ""]
[Remark ""]

1.e4 c6 2.d4 d5 3.Nd2 dxe4 4.Nxe4 Bf5 5.Ng3 Bg6 6.Bc4 e6 7.Be3
Nf6 8.Nf3 Nbd7 9.O-O Be7 10.Qe2 Qc7 11.Rfe1 Nd5 12.Bg5 Bxg5 13.Nxg5
O-O-O 14.c3 h6 15.N5e4 Nf4 16.Qe3 Nb6 17.Bf1 Nbd5 18.Qd2 h5 19.h4
Rhg8 20.c4 Ne7 21.Qd3 Bxe4 22.Nxe4 Nf5 23.Qa3 Kb8 24.g3 Ng6 25.b4
Nxd4 26.Rac1 Ne5 27.Re3 f5 28.Ng5 Rge8 29.Qc3 Ng4 30.Rd3 e5 31.f4
c5 32.fxe5 Nxe5 33.Re3 g6 34.b5 Ng4 35.Ree1 b6 36.Rxe8 Rxe8 1/2-1/2

[Event "Moscow Open 2009 C"]
[Site "?"]
[Date "2009.02.03"]
[Round "4.70"]
[White "Mukhina, Marina"]
[Black "Vasiukova, Renata D"]
[Result "1-0"]
[WhiteElo "1851"]
[BlackElo "1574"]
[Annotator ""]
[Source ""]
[Remark ""]

1.d4 c6 2.Nf3 d6 3.c4 h6 4.e3 g5 5.h3 c5 6.b3 Bg7 7.Bb2 Bf5 8.Be2
Nd7 9.Nc3 Ngf6 10.dxc5 dxc5 11.Nd5 Be6 12.Nxf6+ Bxf6 13.Bxf6
Qa5+ 14.Qd2 Qxd2+ 15.Nxd2 Nxf6 16.Bf3 Rb8 17.O-O-O O-O 18.Nb1
b6 19.Nc3 g4 20.hxg4 Bxg4 21.Bxg4 Nxg4 22.Rd7 Nxf2 23.Rxh6 Ng4
24.Rh3 f5 25.Rxe7 Nf6 26.Rxa7 Rf7 27.Rxf7 Kxf7 28.Rf3 Rg8 29.Rxf5
Ke6 30.Rf2 Rg3 31.Re2 Ke5 32.Kd2 Ne4+ 33.Nxe4 Kxe4 34.Rf2 Rxe3
35.Re2 Rxe2+ 36.Kxe2 Kf4 37.Kd3 Kg3 38.Ke4 1-0

[Event "Moscow Open 2009 C"]
[Site "?"]
[Date "2009.02.03"]
[Round "4.71"]
[White "Yakimova, Taisia V"]
[Black "Anu, Bayar"]
[Result "0-1"]
[WhiteElo "1529"]
[BlackElo "1830"]
[Annotator ""]
[Source ""]
[Remark ""]

1.d4 Nf6 2.c4 g6 3.Nc3 Bg7 4.Nf3 d6 5.h3 O-O 6.Bf4 Nbd7 7.e3
c5 8.Be2 h6 9.Bh2 a6 10.a4 Qa5 11.O-O Re8 12.Qc2 Nb8 13.Bd3 Nc6
14.Na2 Bd7 15.Rab1 Rac8 16.b3 b5 17.axb5 axb5 18.cxb5 Na7 19.Qe2
Nxb5 20.Rfc1 Nd5 21.Qd2 Qxd2 22.Nxd2 Na3 23.Ra1 cxd4 24.e4 Nc3
25.Nxc3 Rxc3 26.Rxc3 dxc3 27.Rxa3 cxd2 28.Be2 Rc8 0-1

[Event "Moscow Open 2009"]
[Site "Moscow"]
[Date "2009.02.04"]
[Round "5.1"]
[White "Muzychuk, Anna"]
[Black "Pogonina, Natalija"]
[Result "1/2-1/2"]
[WhiteElo "2540"]
[BlackElo "2467"]
[Annotator ""]
[Source ""]
[Remark ""]

1.e4 c5 2.Nc3 Nc6 3.Bb5 g6 4.Bxc6 bxc6 5.d3 Bg7 6.f4 d6 7.Nf3
Qb6 8.Qe2 Bg4 9.Nd1 Nf6 10.Ne3 Bxf3 11.Qxf3 O-O 12.O-O Nd7 13.Nc4
Qc7 14.f5 Rab8 15.Rb1 Ne5 16.Nxe5 Bxe5 17.Bh6 Bg7 18.Bxg7 Kxg7
19.Qf2 f6 20.Qd2 Rg8 21.b3 Kh8 22.Rf3 Rg7 23.Rg3 Rbg8 24.Rf1
Qb8 25.Qc3 Qb6 26.Kh1 Qb4 27.Qxb4 cxb4 28.Kg1 a5 29.fxg6 hxg6
30.a3 Rh7 31.axb4 axb4 32.Ra1 Kg7 33.Ra6 Rc8 34.Rf3 Rh5 35.h3
Rc5 1/2-1/2

[Event "Moscow Open 2009"]
[Site "Moscow"]
[Date "2009.02.04"]
[Round "5.2"]
[White "Paehtz, Elisabeth"]
[Black "Girya, Olga"]
[Result "1-0"]
[WhiteElo "2455"]
[BlackElo "2315"]
[Annotator ""]
[Source ""]
[Remark ""]

1.e4 c5 2.Nf3 Nc6 3.Nc3 e5 4.Bc4 Be7 5.d3 d6 6.Nd2 Nf6 7.Nf1
Bg4 8.f3 Be6 9.Ne3 O-O 10.O-O Nd4 11.a3 Rb8 12.Ncd5 b5 13.Ba2
Nxd5 14.Nxd5 Bg5 15.f4 exf4 16.Bxf4 Bxf4 17.Rxf4 Qg5 18.Rf2 f5
19.exf5 Rxf5 20.Rxf5 Nxf5 21.Qc1 Qh4 22.c3 Kh8 23.Qe1 Qh6 24.Qe4
Bxd5 25.Bxd5 g6 26.Re1 Qd2 27.Qe2 Qg5 28.Qf2 a5 29.b4 axb4 30.axb4
cxb4 31.cxb4 Rf8 32.Bc6 Qg4 33.Be4 Qg5 34.Rf1 h5 35.Bc6 Qg4 36.Qb2+
Kh7 37.Bxb5 Rb8 38.Bc4 d5 39.Bxd5 Rxb4 40.Qf2 Qg5 41.Be4 Ng7
42.Qf7 Qc5+ 43.Kh1 Qb6 44.h3 Qd6 45.Qf6 Qg3 46.Qf7 h4 47.Qf3
Nh5 48.Qxh5+ 1-0

[Event "Moscow Open 2009"]
[Site "Moscow"]
[Date "2009.02.04"]
[Round "5.3"]
[White "Ushenina, Anna"]
[Black "Molchanova, Tatjana"]
[Result "1/2-1/2"]
[WhiteElo "2499"]
[BlackElo "2319"]
[Annotator ""]
[Source ""]
[Remark ""]

1.d4 Nf6 2.c4 e6 3.Nf3 d5 4.e3 a6 5.b3 c5 6.Nbd2 cxd4 7.exd4
Nc6 8.Bb2 Be7 9.Bd3 O-O 10.O-O b6 11.Qe2 Bb7 12.Rfe1 Re8 13.Rac1
Bf8 14.Bb1 g6 15.a3 Nd7 16.Nf1 Na5 17.Ba2 Rc8 18.c5 b5 19.Ne3
Bg7 20.Red1 Nc6 21.b4 f5 22.Re1 Nf6 23.Ne5 g5 24.Nxc6 Bxc6 25.Rf1
Qc7 26.Rcd1 h5 27.Nc2 Kf7 28.Ne1 Rh8 29.Nd3 Nd7 30.Rfe1 Rce8
31.Qd2 Bf6 32.Re2 Nf8 33.Ne5+ Bxe5 34.Rxe5 Ng6 35.Ree1 g4 36.Bb1
h4 37.Qc3 Nf4 38.Bc1 Nh5 39.Re5 Nf6 40.Bf4 Qd7 41.Re3 Ne4 42.Qe1
Reg8 43.Rdd3 Rg6 44.Kh1 Qe7 45.Rb3 Qd8 1/2-1/2

[Event "Moscow Open 2009"]
[Site "Moscow"]
[Date "2009.02.04"]
[Round "5.4"]
[White "Ambartsumova, Karina"]
[Black "Romanko, Marina"]
[Result "1-0"]
[WhiteElo "2227"]
[BlackElo "2451"]
[Annotator ""]
[Source ""]
[Remark ""]

1.e4 c5 2.Nf3 d6 3.d4 cxd4 4.Nxd4 Nf6 5.Nc3 a6 6.Be3 e5 7.Nf3
Be7 8.Bc4 Be6 9.Bb3 O-O 10.O-O Nc6 11.Bg5 Nd7 12.Bxe7 Qxe7 13.Nd5
Qd8 14.Qe2 Nc5 15.Rad1 Kh8 16.h3 f5 17.Nc3 Nxb3 18.axb3 fxe4
19.Nxe4 d5 20.Nc3 Qd6 21.Rfe1 Bg8 22.Nxe5 Rae8 23.f4 g5 24.Qd3
Rxf4 25.Nxc6 Rxe1+ 26.Rxe1 Qxc6 27.Kh1 g4 28.Qg3 Qh6 29.Re8 Qd6
30.Kh2 Rf6 31.Qxd6 Rxd6 32.hxg4 Rc6 33.Nxd5 Rh6+ 34.Kg3 Kg7 35.Ne7
Be6 36.Nf5+ Bxf5 37.gxf5 Rc6 38.c3 Rb6 39.b4 Kf7 40.Rh8 Kg7 41.Rd8
a5 42.Rd7+ Kh6 43.Kf4 1-0

[Event "Moscow Open 2009"]
[Site "Moscow"]
[Date "2009.02.04"]
[Round "5.5"]
[White "Bodnaruk, Anastasia"]
[Black "Repina, Varvara"]
[Result "0-1"]
[WhiteElo "2384"]
[BlackElo "2258"]
[Annotator ""]
[Source ""]
[Remark ""]

1.e4 c5 2.Nc3 d6 3.f4 g6 4.Nf3 Bg7 5.Bc4 Nc6 6.d3 e6 7.f5 Nge7
8.fxe6 fxe6 9.O-O O-O 10.a4 h6 11.Be3 g5 12.h4 g4 13.Nh2 Rxf1+
14.Nxf1 Ne5 15.Nh2 Kh7 16.Ba2 g3 17.Nf1 N7c6 18.Qe1 Qxh4 19.Qxg3
Qxg3 20.Nxg3 Ng4 21.Nf1 Bd7 22.Re1 Rf8 23.Nd1 Nd4 24.c3 Nc2 25.Re2
Ncxe3 26.Ndxe3 Ne5 27.Rd2 Rf6 28.Bb3 Rg6 29.Kf2 h5 30.Bc2 Kg8
31.Rd1 Kf7 32.Nd2 Ke7 33.Ndc4 Nxc4 34.Nxc4 d5 35.exd5 exd5 36.Ne3
d4 37.Nd5+ Kd6 38.c4 Be5 39.Rf1 h4 40.Bd1 Bf5 41.Bc2 Rg3 42.Rd1
h3 43.gxh3 Rxh3 44.Rg1 Bxd3 45.Bxd3 Rxd3 46.Rg6+ Kd7 47.a5 Rb3
48.a6 b5 49.cxb5 Rxb5 50.Rh6 c4 51.Rh7+ Ke6 52.Nc7+ Bxc7 53.Rxc7
Rxb2+ 54.Kf3 c3 55.Ke4 Kd6 56.Rc4 Rd2 57.Rc8 c2 58.Rc4 d3 59.Ke3
Rd1 0-1

[Event "Moscow Open 2009"]
[Site "Moscow"]
[Date "2009.02.04"]
[Round "5.6"]
[White "Ubiennykh, Ekaterina"]
[Black "Zhukova, Natalia"]
[Result "0-1"]
[WhiteElo "2490"]
[BlackElo "2285"]
[Annotator ""]
[Source ""]
[Remark ""]

1.e4 e6 2.d4 d5 3.Nc3 Bb4 4.e5 Ne7 5.Qg4 Nf5 6.h4 h5 7.Qf4 Nc6
8.Be3 Nce7 9.Bd3 Ng6 10.Qh2 Qxh4 11.Bxf5 Qxh2 12.Rxh2 exf5 13.Nge2
Be6 14.O-O-O Be7 15.Rdh1 h4 16.f4 O-O-O 17.Ng1 Rh6 18.Nce2 Rdh8
19.Kd2 Bd7 20.Nf3 Nf8 21.Bf2 Ng6 22.Ke3 b6 23.Neg1 Kb7 24.Nh3
f6 25.Be1 c5 26.c3 Rc8 27.Nf2 cxd4+ 28.cxd4 fxe5 29.Nxe5 Nxe5
30.dxe5 Rc2 31.Nd3 Bb5 32.Bxh4 d4+ 33.Kxd4 Rd2 34.e6 Rxe6 35.Rh3
Bxh4 36.Kc3 Rxd3+ 37.Rxd3 Bf6+ 0-1

[Event "Moscow Open 2009 C"]
[Site "?"]
[Date "2009.02.04"]
[Round "5.7"]
[White "Paikidze, Nazi"]
[Black "Gaponenko, Inna"]
[Result "0-1"]
[WhiteElo "2280"]
[BlackElo "2450"]
[Annotator ""]
[Source ""]
[Remark ""]

1.d4 Nf6 2.c4 g6 3.Nc3 d5 4.Bg5 Ne4 5.Bh4 Nxc3 6.bxc3 dxc4 7.e3
Be6 8.Nf3 Bg7 9.Qb1 b6 10.Ng5 Bd5 11.e4 h6 12.Nf3 Be6 13.Qb4
a5 14.Qb2 c6 15.a4 O-O 16.Nd2 f5 17.exf5 Rxf5 18.Nxc4 b5 19.Ne3
Rh5 20.Bg3 b4 21.Be2 Rg5 22.O-O Na6 23.Rad1 bxc3 24.Qxc3 c5 25.Bxa6
Rxa6 26.Qd3 Qc8 27.Rb1 Rxg3 28.hxg3 cxd4 29.Rfe1 Qa8 30.Nf1 Kh7
31.Rb8 Qa7 32.Qb1 Bf5 33.Qb2 Qd7 34.Rb7 Qd6 35.Qb5 Bf6 36.Nd2
Qa3 37.Rd1 Ra8 38.Qc6 Rf8 39.Nb3 d3 40.g4 Bxg4 41.Rxd3 Qb2 42.Nd2
Qe5 43.Re3 Qa1+ 44.Rb1 Qd4 45.Qc4 Qxd2 46.Qxg4 Bg5 47.Rf3 Rxf3
48.Qxf3 Bf6 49.Qb3 Kg7 50.Rd1 Qe2 51.Qd3 Qg4 52.Qd7 Qe2 53.Rb1
h5 54.Qd1 Qe4 55.Rb5 Bc3 56.Qc1 Bb4 57.Qb2+ Kf7 58.Qb3+ Kg7 59.Qd1
Bc3 60.Rd5 Qb4 61.Rg5 Qf4 62.Qxh5 Qc1+ 63.Kh2 Qf4+ 64.Kh3 Qf6
65.Qh4 Bd2 66.Rd5 Qe6+ 0-1

[Event "Moscow Open 2009 C"]
[Site "?"]
[Date "2009.02.04"]
[Round "5.8"]
[White "Fominykh, Maria"]
[Black "Shen, Yang"]
[Result "0-1"]
[WhiteElo "2279"]
[BlackElo "2448"]
[Annotator ""]
[Source ""]
[Remark ""]

1.Nf3 d5 2.g3 Nf6 3.Bg2 c6 4.b3 Bf5 5.Bb2 Nbd7 6.O-O Qc7 7.d3
e5 8.Qe1 Bd6 9.e4 dxe4 10.Nh4 Be6 11.dxe4 O-O 12.Nd2 a5 13.Nf5
Bc5 14.a3 Rfe8 15.Kh1 b5 16.Qe2 Rab8 17.Rae1 Nf8 18.Rc1 N6d7
19.Ne3 f6 20.Nf3 Nb6 21.Rfd1 a4 22.Nf5 g6 23.N5h4 Qe7 24.b4 Nc4
25.c3 Bb6 26.Ne1 Rbd8 27.Rd3 Nd6 28.Rd2 Bc4 29.Qd1 Bb3 30.Qe2
Nc4 31.Rxd8 Rxd8 32.Nhf3 Ne6 33.Ra1 Qd6 34.Bh3 Kf7 35.Bc1 Qd1
36.Qf1 Nxa3 37.Bg4 Nc2 38.Nxe5+ fxe5 39.Bxd1 Rxd1 40.Bb2 Nxa1
41.Bxa1 Bc4 42.Qg1 Rxa1 0-1